Management information systems <the> manager's view
Salvato in:
| Autore principale: | |
|---|---|
| Altri autori: | , |
| Natura: | Libro |
| Lingua: | inglese |
| Pubblicazione: |
Homewood
IRWIN
1992
|
| Edizione: | 2. ed. |
| Soggetti: | |
| Tags: |
Nessun Tag, puoi essere il primo ad aggiungerne!!
|
MARC
| LEADER | 00000nam a2200000 4500 | ||
|---|---|---|---|
| 001 | c128553 | ||
| 005 | 20221123102237.0 | ||
| 020 | |a 0-256-09366-0 | ||
| 041 | 0 | |a eng | |
| 044 | |a US | ||
| 245 | 1 | 0 | |a Management information systems |b <the> manager's view |c Robert Schultheis, Mary Sumner ; Douglas Bock |
| 250 | |a 2. ed. | ||
| 264 | 1 | |a Homewood |b IRWIN |c 1992 | |
| 300 | |a 839 s. | ||
| 610 | 2 | 0 | |a systémy informačné manažérske |
| 610 | 2 | 0 | |a systémy informačné riadiace |
| 610 | 2 | 0 | |a manažment |
| 610 | 2 | 0 | |a riadenie podnikové |
| 610 | 2 | 0 | |a systémy informačné |
| 610 | 2 | 0 | |a komunikácia |
| 610 | 2 | 0 | |a komunikácia manažérska |
| 610 | 2 | 0 | |a technika výpočtová |
| 610 | 2 | 0 | |a počítače |
| 610 | 2 | 0 | |a marketing |
| 610 | 2 | 0 | |a manažment |
| 610 | 2 | 0 | |a manažment informačný |
| 610 | 2 | 0 | |a siete dátové |
| 610 | 2 | 0 | |a siete počítačové |
| 610 | 2 | 0 | |a organizácia dát |
| 100 | 1 | |a Schultheis, Robert | |
| 700 | 1 | |a Sumner, Mary | |
| 700 | 1 | |a Bock, Douglas | |